[Event "Linares Anibal op 04th"]
[Site "Linares"]
[Date "1997.??.??"]
[Round "8"]
[White "Cifuentes Parada, Roberto"]
[Black "Khurtsidze, Nino"]
[Result "1-0"]
[WhiteElo "2515"]
[BlackElo "2430"]
[Annotator "Cifuentes Parada,L"]
[PlyCount "45"]
[EventDate "1997.02.??"]
[EventType "swiss"]
[EventRounds "10"]
[EventCountry "ESP"]
[SourceTitle "CBM 058"]
[Source "ChessBase"]
[SourceDate "1997.06.01"]
[SourceVersion "1"]
[SourceVersionDate "1997.06.01"]
[SourceQuality "1"]

1. c4 {Tsesarsky} e6 2. Nf3 Nf6 3. g3 d5 4. Bg2 c5 5. O-O Nc6 6. cxd5 Nxd5 7.
d4 Be7 8. Nc3 O-O 9. Nxd5 Qxd5 $2 (9... exd5 {see D41}) 10. Be3 $1 Qh5 (10...
c4 11. Qc2 $1 Nb4 12. Qc1 Qb5 13. a4 Qa6 14. Ne5 $16) (10... cxd4 11. Nxd4 Qd7
(11... Qc4 12. Nxc6 bxc6 13. Qc1 $1 $16 {Panno,O-Medina,A/ Gotemburg (izt) 1955
}) 12. Nxc6 bxc6 13. Rc1 Qxd1 14. Rfxd1 a5 15. Bxc6 $16 {Gavrikov,V-Raddatz,M/
Berlin op ;EXT 90op2 1990}) 11. dxc5 e5 (11... Bxc5 $4 12. g4 $18) 12. Qa4 (12.
Nd2 {Tsesarsky} f5 (12... Rd8 13. a3 $14) 13. f4 $16 e4 14. Qb3+ (14. b4 $16)
14... Kh8 15. Rfe1 Nd8 (15... Bf6) 16. Qc2 Be6 17. b4 Nc6 18. a3 {1-0
Capablanca,J-Menchik,V/Hastings 1929 (63)} (18. b5 Nb4 19. Qb2 Nd5 20. Bd4 Qg4
21. Nc4 $18)) 12... f5 (12... Bg4 $5) 13. b4 $1 $146 (13. Qc4+ Kh8 14. b4 Qg4
$1 $132 (14... e4 $2 15. Nd4 Ne5 16. Qc3 Ng4 17. h3 Nxe3 18. Qxe3 Bg5 19. f4
exf3 20. Qxf3 Qh6 21. Rad1 $18 {Bukal,V-Bozinovic,B/CRO-Cup Pula (01) ;EXT 95
1995})) 13... f4 14. Bd2 (14. gxf4 {Tsesarsky} exf4 15. Bd2 Bh3 16. Bxh3 Qxh3
17. b5 Nd8 (17... Rf6 18. Qc4+ Kh8 19. Kh1 Nd8 20. Bc3 {[%csl Rg7]} Rg6 21. Rg1
$18) 18. Rac1 Ne6 19. c6 bxc6 20. bxc6 Bc5 21. Bc3 Rac8 22. Be5 $16) 14... e4
15. b5 $3 exf3 (15... fxg3 16. Qxe4 Rxf3 (16... Bxc5 {Tsesarsky} 17. bxc6 (17.
Qc4+ Kh8 18. bxc6 Rxf3 19. hxg3 Rxg3 $17) 17... Bxf2+ (17... Rxf3 18. hxg3 $18)
18. Rxf2 gxf2+ 19. Kxf2 Qc5+ 20. e3 (20. Ke1 Qxc6 (20... bxc6 21. Bb4 Qf5 22.
Qxc6 Bd7 23. Qc3 Rac8 24. Qd4 Rfe8 25. Bc3 Qg6 26. Bh1 $16)) 20... Qxc6 21.
Qxc6 bxc6 22. Rc1 $16) (16... gxh2+ 17. Nxh2 Ne5 18. Rad1 Bf6 19. Qd5+ Kh8 20.
Bc3 $16) (16... Bf6 17. bxc6 gxf2+ 18. Rxf2 Bxa1 19. cxb7 Bxb7 20. Qxb7 Qxc5
21. Bb4 $18) 17. hxg3 $1 $18) 16. Bxf3 Bg4 (16... Qh3 {Tsesarsky} 17. bxc6 fxg3
18. hxg3 $18) 17. Bxg4 Qxg4 18. bxc6 $18 Qxe2 (18... bxc6 {Tsesarsky} 19. Bxf4
$18) 19. cxb7 Rab8 20. Rae1 Qxd2 21. Rxe7 f3 22. c6 Qd6 23. Qe4 1-0

[Event "El Vendrell"]
[Site "El Vendrell"]
[Date "1996.??.??"]
[Round "?"]
[White "Gonzalez Garcia, Jose"]
[Black "Cifuentes Parada, Roberto"]
[Result "0-1"]
[WhiteElo "2405"]
[BlackElo "2490"]
[Annotator "Cifuentes Parada,L"]
[PlyCount "50"]
[EventDate "1996.??.??"]
[EventType "swiss"]
[EventRounds "9"]
[EventCountry "ESP"]
[SourceTitle "CBM 054"]
[Source "ChessBase"]
[SourceDate "1996.10.01"]
[SourceVersion "1"]
[SourceVersionDate "1996.10.01"]
[SourceQuality "1"]

1. d4 Nf6 2. c4 e6 3. Nf3 d5 4. Nc3 c5 5. cxd5 cxd4 6. Qa4+ Bd7 (6... Nbd7 7.
Qxd4 Bc5 8. Qd1 exd5 $14) 7. Qxd4 exd5 8. Nxd5 Qa5+ 9. Nc3 Nc6 (9... Bc5 $5 10.
Qd1 Ne4 11. e3 Bb4 12. Bd2 Nxc3 13. bxc3 Bxc3 14. Rc1 Bxd2+ 15. Qxd2 Qxd2+ 16.
Kxd2 Nc6 $10) 10. Qd1 O-O-O 11. Bd2 Bg4 12. e3 Bb4 13. Be2 Bxf3 14. gxf3 Bxc3
15. bxc3 Rd6 16. Qc2 Rhd8 17. Rd1 $2 (17. O-O-O $1 Qa3+ $1 (17... Ne5 18. c4
Qa3+ 19. Kb1 Nd3 20. Bc3 $1 (20. Ba5 Qxa5 21. Rxd3 Rb6+ 22. Ka1 Qe5+ 23. Rc3
Rbd6 $13) 20... Nxf2 (20... Nb4 21. Qb3 Qxb3+ 22. axb3 Rxd1+ 23. Rxd1 Rxd1+ 24.
Bxd1 Nd3 25. Bc2 Nxf2 26. Be1 Nh1 27. Bf5+ Kd8 28. Bh3 $18) 21. Rxd6 Qxd6 22.
Rg1 Qb6+ 23. Ka1 Qxe3 24. Rxg7 $16) 18. Kb1 Na5 19. Bc1 $1 Rb6+ 20. Ka1 Nb3+
21. Qxb3 Rxb3 22. Rxd8+ Kxd8 23. Bxa3 Rxa3 24. Kb2 $14) 17... Ne5 18. O-O Nd3
19. e4 (19. Be1 Qg5+ $1 (19... Qf5 20. Bxd3 Rxd3 21. Rxd3 Rxd3 22. Qa4 Kb8 23.
Kg2) 20. Kh1 Qf5 21. Rxd3 Rxd3 22. Bxd3 Qxf3+ 23. Kg1 Rd5 $19) 19... Qh5 20.
Be3 Nxe4 $3 21. Kh1 $2 (21. Rxd3 Rxd3 22. Bxd3 Qg6+ 23. Kh1 Rxd3 24. Qa4 (24.
Qxd3 Nxf2+ $19) (24. fxe4 Qxe4+ 25. Kg1 Rxe3 $19) 24... Nd6 25. Qxa7 Qf5 26.
Qc5+ Qxc5 27. Bxc5 Nf5 $15) 21... Rh6 $1 $19 22. Bxh6 Nexf2+ 23. Rxf2 Nxf2+ 24.
Kg1 Nxd1 25. Bf4 Qc5+ 0-1

[Event "NED-chT 9697"]
[Site "Netherlands"]
[Date "1996.??.??"]
[Round "?"]
[White "Cifuentes Parada, Roberto"]
[Black "Van der Sterren, Paul"]
[Result "1-0"]
[WhiteElo "2490"]
[BlackElo "2535"]
[Annotator "Cifuentes Parada,L"]
[PlyCount "39"]
[EventDate "1996.??.??"]
[EventType "team"]
[EventRounds "11"]
[EventCountry "NED"]
[SourceTitle "EXT 2000"]
[Source "ChessBase"]
[SourceDate "1999.11.16"]
[SourceVersion "1"]
[SourceVersionDate "1999.11.16"]
[SourceQuality "1"]

1. d4 Nf6 2. c4 e6 3. Nf3 d5 4. Nc3 c5 5. cxd5 Nxd5 6. e3 Nc6 7. Bc4 cxd4 8.
exd4 Be7 (8... Bb4 9. Qd3 Na5 10. Bb5+ Bd7 11. O-O (11. Ne5 Bxb5 12. Qxb5+ Nc6
13. Nxc6 Bxc3+ 14. bxc3 Qd7 15. Rb1 Qxc6 16. Qxc6+ bxc6 17. Kd2 O-O-O 18. Kc2
Nb6 19. Be3 Rd5 20. Rb4 Ra5 $10 {Lein-Olafsson, Palma de Mallorca 1989}) 11...
Bxc3 12. bxc3 O-O 13. Bxd7 Qxd7 14. c4 Nb6 15. Ne5 Qc7 16. Bf4 Rfd8 17. c5 Nd5
18. Bg3 Nc6 19. Rab1 b6 20. Rfc1 $14 {Arkhipov-Schlosser, Nettetal 1992}) 9.
O-O O-O (9... Nxc3 10. bxc3 O-O 11. Bd3 b6 12. Qc2 g6 13. Bh6 Re8 14. h4 (14.
Rfe1 Bb7 15. Qd2 Rc8 16. Rad1 Bd6 17. Ng5 Na5 18. Bb5 Re7 19. d5 e5 20. Ne4 f5
$10 {Christiansen-Fedorowicz, Berkeley 1985}) 14... Bf6 (14... Bf8 15. Qd2 Bb7
16. Rfe1 Rc8 17. h5 Bxh6 18. Qxh6 Qf6 19. Ng5 Qg7 20. Qxg7+ Kxg7 $16 {
Eingorn-Alterman, Debrecen 1992}) (14... Bxh4 $2 15. Bb5 Bb7 16. Qe4 $16) 15.
h5 $14) 10. Re1 Nxc3 (10... Bf6 11. Ne4 b6 (11... Bd7 12. Nxf6+ Nxf6 13. Bg5
Ne7 14. Ne5 Bc6 15. Rc1 (15. Ng4 Nfd5 16. Qd3 Qd6 17. Rad1 f6 18. Bc1 Ng6 19.
Qh3 Rfe8 20. Bb3 Rac8 $10 {Tal-Cserna, Albena 1984}) 15... Rc8 16. Bb3 Nf5 17.
Bc2 h6 18. Bxf5 hxg5 19. Bc2 Qd5 20. Nxc6 Rxc6 $15 {Pachman-Cserna, Bad
Worishofen 1985}) (11... Be7 12. a3 b6 13. Qd3 Bb7 14. Nfg5 h6 15. Nh7 f5 16.
Nxf8 fxe4 {Ghinda-Skembris, Nikea 1984} 17. Qxe4 Kxf8 18. Bxh6 gxh6 19. Qxe6
$16) 12. a3 Bb7 13. Qd3 Rc8 (13... Be7 14. Nfg5 h6 15. Nh7 f5 16. Nxf8 fxe4 17.
Rxe4 Kxf8 18. Rxe6 Bf6 19. Be3 Nce7 20. Qh7 $10 {Ghinda-Skembris, Athens 1984})
(13... Re8 14. Bd2 Nce7 15. Rad1 Nf5 16. Ba2 Nd6 17. Ng3 $6 (17. Neg5 g6 18. h4
$14 {Serper}) 17... g6 18. Ne5 Bg7 19. Ne4 Nxe4 20. Qxe4 Rc8 $15 {
Serper-Kaidanov, Groningen 1993}) (13... Nce7 14. Bd2 Ng6 15. Neg5 Nde7 $1 16.
Rxe6 $6 Bxf3 17. Rxf6 gxf6 18. Nxf3 Qd7 19. Bb5 Qf5 20. Qb3 Rfc8 $15 {
Korchnoi-Oll, Groningen 1993}) 14. Nfg5 Bxg5 15. Bxg5 f6 16. Bd2 Qd7 17. Rad1
Nce7 18. Ba2 Rfe8 19. h4 Kh8 $1 20. Bb1 g6 21. Qh3 Nf5 $13 {Nikolic,P-Ribli,
Portoroz 1985}) (10... a6 11. a3 (11. Bb3 b5 (11... Nxc3 12. bxc3 b5 13. Qd3
Bb7 14. Bc2 g6 15. Bh6 Re8 16. Rad1 Rc8 17. h4 Qd5 18. Bb3 Qh5 19. Qe3 Na5 20.
Bg5 Nxb3 $15 {Matveeva-Anand, Frunze 1987}) (11... Re8 12. Qd3 Nxc3 13. bxc3
Bf6 14. Qe4 Bd7 15. h4 Ne7 16. Ng5 Bxg5 17. Bxg5 Qc7 18. Bxe7 Rxe7 19. Re3 Rae8
20. h5 $16 {Sokolov A-Burger, Reykjavik 1990}) 12. Ne4 Nf6 13. Bc2 Bb7 14. a3
Rc8 15. Qd3 Nxe4 16. Rxe4 g6 17. Bh6 Re8 18. Rae1 Bf6 19. h4 {Arkhipov-Lendwai,
Miskolc 1990 1/2:1/2}) (11. Bd3 Bf6 12. Be4 Nce7 13. Qd3 g6 14. Bh6 Bg7 15.
Bxg7 Kxg7 16. Ne5 Nf6 17. Rad1 Qb6 18. b3 Rd8 19. Re3 Bd7 20. Rh3 Be8 $14 {
Rogers-Landerbergue, Prague 1990}) 11... b5 (11... Nxc3 12. bxc3 b5 13. Ba2 (
13. Bd3 Bb7 14. h4 Na5 15. Bc2 Nc4 16. Ng5 Bxg5 17. hxg5 f5 18. gxf6 Qxf6 19.
f4 Rae8 20. Qh5 $10 {Glek-Gutop, corr 1989}) 13... Bb7 14. Qd3 Na5 15. a4 Bd5
16. axb5 axb5 17. Bb1 f5 18. Qxb5 Nc4 19. Rxa8 Qxa8 20. Bf4 $16 {Nikolic
P-Djuric, Yugoslavia 1983}) 12. Bxd5 exd5 13. Qd3 Bf6 14. Bf4 Bg4 15. Ne5 Bxe5
16. dxe5 d4 17. Ne4 Bf5 18. Rac1 Na5 19. e6 $14 {Tal-Psakhis, Sochi 1982}) (
10... b6 11. Nxd5 exd5 12. Bb5 Bb7 13. Bf4 (13. Qa4 Rc8 14. Bf4 Bf6 15. Rac1
$16 {Petursson-Hiartarson, Reykjavik 1984}) 13... a6 14. Ba4 Bf6 15. Rc1 b5 16.
Bb3 Rc8 17. h3 Ne7 18. Be5 Qb6 19. Qd2 Ng6 20. Bxf6 $14 {Arkhipov-Tolnai,
Kecskemet 1990}) (10... Nf6 11. Bg5 a6 12. Rc1 b5 13. d5 Nb4 14. Bb3 Nbxd5 15.
Nxd5 exd5 16. Qe2 Bb4 17. Red1 Qb6 18. Bxf6 Qxf6 19. Bxd5 Ra7 20. a3 Bd6 $14 {
Anand-Adianto, Manila 1992}) 11. bxc3 b6 12. Bd3 Bb7 13. h4 $5 (13. Qc2 g6 14.
Bh6 Re8 15. Qd2 Rc8 16. Rad1 Bd6 17. Ng5 Na5 18. Bb5 Re7 19. d5 e5 $1 20. Ne4
f5 21. Nf6+ Kh8 22. Bg5 Qc7 $13 {Christiansen-Fedorowicz, USA 1984}) 13... Bf6
$6 (13... Na5 14. Ng5 Bxg5 (14... h6 15. Qh5 Bd5 16. Nh7 Re8 17. Bxh6 gxh6 18.
Qxh6 f5 19. Re3 Bxh4 20. Rg3+ $18 {Razuvaev-Farago, Dubna 1979}) 15. Bxg5 (15.
hxg5 $5) 15... Qd5 16. Qg4 f5 17. Qg3 Rac8 18. Bf1 Qd7 19. h5 {
Hernandez-Minguell, Vulca 1984} Bd5 $13 {with Bc4}) (13... Qd5 $5 14. Rb1 $1
Rac8 15. Rb5 $36 {Anand,V-Timman,J/ Moscú 1992}) (13... Rc8 14. Ng5 h6 (14...
g6 $2 15. Nxh7 Kxh7 16. Qh5+ Kg8 17. Bxg6 fxg6 18. Qxg6+ Kh8 19. Re4 Bf6 20.
Qh6+ Kg8 21. Rg4+ Kf7 22. Ba3 $18) 15. Qh5 Qe8 16. Bh7+ Kh8 17. Nxe6 $3 fxe6 (
17... Kxh7 18. Nxg7 $1 $18) 18. Bg6 Qd7 19. Bxh6 Kg8 20. Bg5 $18) (13... Bxh4
$1 $8 14. Nxh4 Qxh4 15. Re3 (15. Re4 $1 $36 {Ftacnik} Qd8 16. Qh5 g6 17. Qh6
Qd7) 15... f5 (15... Qd8 16. Rh3 (16. Bxh7+ Kxh7 17. Qh5+ Kg8 18. Rh3 f5 (18...
f6 19. Qh7+ Kf7 20. Rg3 Rg8 21. Bh6 Qf8 22. d5 exd5 23. Re1 Ne5 24. f4 Qc5+ 25.
Kh2 Qf2 26. fxe5 Qxe1 27. Rxg7+ Rxg7 28. Qxg7+ Ke8 29. Qf8+ Kd7 30. Qd6+ Kc8
$10) 19. Qh7+ Kf7 20. Qh5+ Kg8 $10) 16... g6 17. Bh6 (17. Rxh7 Kxh7 18. Qh5+
Kg8 19. Bxg6 fxg6 20. Qxg6+ $10) 17... Re8 18. Qd2 $13) (15... g6 16. Rg3 (16.
Rh3 Qf6 17. Bh6 Rfe8 18. Qg4 Rac8 19. Bg5 Qg7 20. Qh4 f5 21. Re1 Na5 22. Rhe3
Qf7 23. Bb5 Bc6 24. Bxc6 Nxc6 25. c4 Qd7 26. Bf6 Qf7 27. d5 exd5 28. Rxe8+ Rxe8
29. Rxe8+ Qxe8 30. cxd5 Qe1+ 31. Kh2 Ne5 32. d6 Nd7 33. Qc4+ Kf8 34. Qc8+ Qe8
35. Be7+ Kf7 36. Qc4+ Kg7 37. Qe6 g5 38. Bf6+ {1-0 Kasparov,G-Gonda,G/Cannes
sim (10) ;CBM 06 1988}) 16... Qf6 (16... Qe7 17. Bh6 Rfd8 18. Qg4 f5 19. Qh3
Qf7 20. Re1 Rac8 21. Rge3 Re8 22. Bb5 Na5 23. Bxe8 Rxe8 24. Qg3 Bd5 25. Qd6 Nc4
26. Qxd5 Nxe3 27. Qc6 Nd5 28. Bg5 b5 29. a4 $1 bxa4 30. c4 Nb6 31. c5 Qd7 32.
Qxd7 Nxd7 33. Bf4 Kf7 34. Bd6 Rc8 35. Rb1 Ke8 36. Rb7 a6 37. Rb4 $44 {
Grebennikov,S-Tolnai,T/Kecskemet 1991}) 17. Qg4 Qg7 18. Qh4 f5 19. Bh6 Qf6 20.
Bg5 Qf7 21. Re1 Na5 22. c4 Be4 23. Bxe4 fxe4 24. Rc3 Rac8 25. Rxe4 Rfe8 26. Rf3
Qd7 27. Ref4 Rf8 28. Bh6 Rxf4 29. Qxf4 Qe7 30. c5 $16 {Anand,V-Morrison,G/
BCF-ch 1988}) (15... h6 $2 16. Rh3 Qe7 17. Rg3 Kh8 18. Qh5 f5 19. Bxh6 gxh6 20.
Qxh6+ Qh7 21. Qxe6 Rae8 22. Qd6 Rd8 (22... Rg8 23. Qf6+ Rg7 24. Bxf5) 23. Qf4
Rg8 24. Bxf5 $18) 16. Rxe6 Nxd4 (16... Na5 17. Qe2 f4 18. f3 Bd5 19. Re5 Bf7
20. Ba3 {+/- Mikhalchishin,A-Stopkin,V/USSR 38/(542) 1984}) 17. Re3 $5 $44 (17.
cxd4 Qxd4 18. Re7 Qxa1 19. Qb3+ Bd5 $1 $8 (19... Kh8 $2 20. Qb2 Qxb2 21. Bxb2
Bd5 22. Rxg7 $18) 20. Qxd5+ Kh8 21. Rc7 Rac8 22. Qd6 $13)) (13... g6 14. Bh6
Re8 15. Ng5 Bf8 16. Bxf8 Rxf8 17. Qg4 Qf6 18. h5 Ne7 $13 {Agdestein,S-Orr,M/
Thessaloniki ol 1984}) 14. Ng5 g6 15. Qg4 h5 (15... Ne7 16. Ba3 $13) 16. Qh3 $5
$146 (16. Qg3 Ne7 17. Ba3 Qd7 $1 (17... Rc8 $2 18. Nxe6 fxe6 19. Rxe6 Rc7 20.
Rae1 Rf7 21. Bxg6 Rd7 22. Bxf7+ Kxf7 23. Rxf6+ Kxf6 24. Qe5+ Kf7 25. Qe6+ Kf8
26. Qf6+ {1-0 Hansen,Cu-Georgiev,Kir/Kiljava 38/542 1984}) 18. Ne4 Bxe4 19.
Bxe4 Rac8 20. Re3 Rfe8 21. Qf4 Bg7 22. Rae1 Nd5 23. Bxd5 Qxd5 $15 {Banas,
J-Ostenstad,B/Trnava-B 1989}) 16... e5 $8 17. Ba3 Re8 18. Ne4 $6 (18. Nxf7 $3
Kxf7 19. Qg3 Rg8 20. dxe5 Nxe5 (20... Bxh4 $2 21. e6+ $18) 21. Rxe5 Bxe5 22.
Qxe5 Bd5 23. Bb5 $3 a6 24. Rd1 axb5 25. Rxd5 Rxa3 26. Rxd8 Rxd8 27. Qc7+ Ke8
28. Qxb6 $18) 18... exd4 19. Qd7 $5 Ne5 $4 (19... Rxe4 $1 20. Qxd8+ Rxd8 21.
Bxe4 dxc3 22. Rad1 $1 Bxh4 23. Rxd8+ Nxd8 24. Bxb7 Nxb7 25. Bb4 Bf6 26. Re8+
Kg7 27. Rc8 $14) 20. Qxe8+ $1 1-0

[Event "Dos Hermanas-B"]
[Site "Dos Hermanas"]
[Date "2003.04.05"]
[Round "8"]
[White "Pogorelov, Ruslan"]
[Black "Cifuentes Parada, Roberto"]
[Result "1/2-1/2"]
[WhiteElo "2517"]
[BlackElo "2506"]
[Annotator "Cifuentes Parada,L"]
[PlyCount "71"]
[EventDate "2003.03.28"]
[EventType "tourn"]
[EventRounds "9"]
[EventCountry "ESP"]
[EventCategory "10"]
[SourceTitle "CBM 095"]
[Source "ChessBase"]
[SourceDate "2003.07.25"]
[SourceVersion "1"]
[SourceVersionDate "2003.07.25"]
[SourceQuality "1"]

1. Nf3 Nf6 2. c4 e6 3. Nc3 d5 4. d4 c5 5. cxd5 cxd4 6. Qxd4 (6. Qa4+) (6. Nxd4
Nxd5 7. Ndb5 (7. Bd2 Bc5 8. Nb3 Bb6 9. e4 Nxc3 10. Bxc3 O-O 11. Qf3 Nc6 12. Rd1
Qc7 13. Qg3 e5 $11 {Arencibia,W-Morovic,I /Cienfuegos 1996}) 7... Nc6 $5 (7...
a6 $5 8. e4 Nb4 9. Qxd8+ Kxd8 10. Na3 b5 11. Be3 Nd7 $13) 8. e4 (8. Nxd5 $6
exd5 9. Qxd5 Bb4+ 10. Bd2 Qe7 $1 $44 11. a3 (11. O-O-O $2 Be6 12. Bxb4 Nxb4 13.
Nd6+ Kf8 14. Qxb7 Rc8+ $1 15. Nxc8 Qc5+ 16. Kd2 Bxc8 17. Qe4 Bf5 18. Qa8+ Ke7
19. Qb7+ Kf6 20. e4 Rd8+ 21. Ke2 Qc2+ 22. Ke3 Nd5+ $1 $19) (11. Nc3 O-O 12. Bg5
Qc7 13. e3 Be6 14. Qd2 Qa5 15. Bh4 g5 16. Bg3 Rfd8 17. Qc2 Bxc3+ 18. bxc3 Nb4
$1 19. Qe4 Nxa2 20. Qb4 Rd1+ {0-1, Suba,M-Portisch,L /Grecia (ol) 1984}) 11...
Bxd2+ 12. Qxd2 O-O 13. Qd6 Qg5 $44) 8... Nxc3 9. Qxd8+ Kxd8 10. Nxc3 Bc5 $11 {
Estremera,S-Cifuentes,R /El Vendrell 1996}) 6... exd5 (6... Nxd5 7. e4 Nxc3 8.
Qxc3 Nc6 9. Bb5 $14) 7. e4 Nc6 (7... dxe4 $6 8. Qxd8+ Kxd8 9. Ng5 Be6 10. Nxe6+
fxe6 11. Bc4 $14 Nbd7) 8. Bb5 Nxe4 $1 (8... Bd7 $6 9. Bxc6 Bxc6 10. exd5 Bxd5 (
10... Nxd5 11. O-O Nf6 12. Re1+ Be7 13. Qe5 Bxf3 14. gxf3 Kf8 15. Bf4 $16 Nd7
16. Qd5 Nb6 17. Qxb7 Bb4 18. Rad1 Qc8 19. Qe4 Bxc3 20. bxc3 h6 21. a4 {1-0
Polugaevsky,L-Mascarinas,R/Manila 1982/MCD-r8}) 11. O-O $1 Be7 (11... Bxf3 12.
Qe3+ Be7 13. Qxf3 $16) 12. Nxd5 Qxd5 13. Re1 Qxd4 14. Nxd4 O-O-O 15. Rxe7 Rxd4
16. Be3 Rd7 17. Rxd7 $1 Nxd7 18. Rc1+ Kb8 (18... Kd8 19. Bxa7 b6 20. Kf1 Re8
21. b4 $16) 19. Bf4+ Ka8 20. Rc7 Rd8 21. h3 $16 a6 22. b4 f6 23. g4 g5 24. Bd6
Nb6 25. Bc5 Nd5 26. Rxh7 b6 27. Bd4 Rd6 28. Rf7 Nf4 29. Bxf6 Nxh3+ 30. Kg2 Nf4+
31. Kf3 $18 Nh3 32. Kg3 Rd3+ 33. f3 Ng1 34. Bxg5 Ne2+ 35. Kf2 Nc3 36. Bf6 {
1-0 Kramnik,V-Cifuentes Parada,R/Villarrobledo 1998}) 9. Nxe4 $6 (9. O-O $1 Nf6
$8 10. Re1+ Be7 11. Bxc6+ $1 (11. Qe5 $2 O-O $1 12. Qe2 Re8 13. Bg5 Bg4 14.
Rad1 h6 15. Bh4 Ne4 16. Bg3 Nxc3 17. bxc3 Bf6 18. Qxe8+ Qxe8 19. Rxe8+ Rxe8 20.
Rxd5 Rc8 21. Rd3 Nb4 22. Re3 Nxa2 23. h3 Bxf3 24. gxf3 Nxc3 25. Bd7 Rd8 26. Bf5
g6 27. Bd3 Nd1 {0-1 Geller,E-Keres,P/Zuerich ct 1953/CAND}) 11... bxc6 12. Qc5
Bb7 13. Bg5 Kf8 14. Qe3 h6 15. Bh4 g5 16. Bg3 c5 $13) (9. Nxd5 Be6 $1 10. Nc3
Qxd4 11. Nxd4 Bb4 12. Nxc6 Nxc3 13. Nxb4+ Nxb5 $11) (9. Qxd5 Qxd5 10. Nxd5 Bd6
11. O-O O-O 12. Re1 Re8 $11) (9. Nxd5 Be6 $1 10. Nc3 Qxd4 11. Nxd4 Bb4 12. Nxc6
Nxc3 13. Nxb4+ Nxb5 $15) 9... dxe4 10. Qxe4+ Qe7 11. Qxe7+ Bxe7 12. Bxc6+ $6 (
12. Nd4 Bd7 13. Bxc6 bxc6 14. O-O O-O 15. Be3 (15. Bf4 $11) 15... c5 16. Nf3
Rfc8 17. b3 a5 18. Rfc1 $4 Bf6 $19 19. h3 (19. Rab1 Bf5) 19... h6 20. Kh2 a4
21. bxa4 Bxa1 22. Rxa1 Rxa4 23. Ne5 Be6 24. Nd3 Ra3 25. Nxc5 Rxe3 26. fxe3 Rxc5
27. Kg1 h5 28. a3 Rc2 29. Rb1 Ra2 30. Rb5 g6 31. Ra5 Kg7 32. e4 h4 33. e5 g5
34. Kf1 Kg6 35. Ra4 Kf5 36. Ra5 Kf4 {0-1 Mohamed,M-Antunes,A/Novi Sad olm 1990/
TD 90\06}) (12. Ne5 O-O 13. Nxc6 bxc6 14. Bxc6 Rb8 {1/2-1/2 Nickoloff,
B-Antunes,A/Dubai olm 1986}) 12... bxc6 13. Bg5 f6 14. Bd2 Kf7 $15 15. O-O c5
16. Bc3 Bg4 17. Nd2 Rhd8 18. Rfe1 Rd3 19. h3 Bf5 20. Re2 Rad8 21. Rae1 Bf8 22.
Nc4 h5 23. Na5 Rc8 $2 (23... g5 $1 $15) 24. Nc4 h4 25. Rd2 g5 26. Rxd3 Bxd3 27.
Ne3 Rd8 28. Ng4 $1 $11 Bg7 29. f3 Bc4 30. a3 Rd6 31. Kf2 a6 32. f4 Re6 33. fxg5
fxg5 34. Ne5+ Bxe5 35. Rxe5 Rxe5 36. Bxe5 1/2-1/2

[Event "EU-chT (Men) 19th"]
[Site "Warsaw"]
[Date "2013.11.08"]
[Round "1.2"]
[White "Lenic, Luka"]
[Black "Edouard, Romain"]
[Result "1/2-1/2"]
[WhiteElo "2637"]
[BlackElo "2653"]
[Annotator "Edouard,R"]
[PlyCount "81"]
[EventDate "2013.11.08"]
[EventType "team-swiss"]
[EventRounds "9"]
[EventCountry "POL"]
[SourceTitle "CBM 158"]
[Source "ChessBase"]
[SourceDate "2014.01.16"]
[SourceVersion "1"]
[SourceVersionDate "2014.01.16"]
[SourceQuality "1"]
[WhiteTeam "Slovenia"]
[BlackTeam "France"]
[WhiteTeamCountry "SLO"]
[BlackTeamCountry "FRA"]

1. d4 Nf6 2. c4 e6 3. Nf3 d5 4. Nc3 c5 5. cxd5 cxd4 $5 {A forcing line in
which White has problems finding a real advantage.} 6. Qxd4 exd5 7. e4 {
The only critical line.} Nc6 8. Bb5 dxe4 9. Qxd8+ Kxd8 10. Ng5 Be6 11. O-O (11.
Nxe6+ fxe6 12. Bxc6 bxc6 13. Bg5 Bb4 14. O-O-O+ Kc7 15. Bxf6 gxf6 16. Nxe4 Rhg8
17. a3 Be7 18. g3 Rad8 19. Rhe1 Rxd1+ 20. Kxd1 e5 21. Kc2 h5 22. Nd2 Bc5 23.
Ne4 Be7 24. Nd2 Bc5 25. Ne4 Be7 26. Nd2 {1/2-1/2 (26) Bu Xiangzhi,- (2662)-Wei,
Y (2530) Xinghua CHN 2013}) 11... Bb4 12. Ncxe4 Nxe4 13. Nxe4 Ke7 14. Be3 Rhd8
15. Ba4 $5 $146 (15. a3 $146 {is met by} Nd4 $1 $11) (15. Bxc6 bxc6 16. a3 Bd6
{1/2-1/2 (16) Fier Takeda,A (2573)-Edouard,R (2686) SUI 2013}) 15... Kf8 16. a3
Be7 17. Nc5 Bxc5 (17... Bc8 $5 $146 18. Rad1 Rxd1 19. Rxd1 Ne5 $1 {might be
the clearest way to equalise.}) 18. Bxc5+ Kg8 19. Rfd1 Na5 $1 20. Rxd8+ Rxd8
21. Rd1 {The best try.} ({After} 21. Bxa7 Nc4 {Black will be able to simplify
the position even more, with an easy draw.}) 21... Rxd1+ 22. Bxd1 Nc4 23. Bd4
Bd5 {An important square for the bishop.} 24. f3 f6 25. Kf2 a6 ({I was
considering playing} 25... Kf7 {but after} 26. Bc2 {I thought I would have to
move a pawn on the queenside anyway since after} h6 27. Bxa7 $1 Nxb2 28. Ke3 $1
{I thought Black has big problems. For example after} Nc4+ 29. Kd4 Nxa3 30. Bd3
Bc6 $8 31. Kc5 Ba4 $8 32. Kb4 Bc2 $8 33. Be2 Nb1 $8 {I cannot find a forced
win for White but the position is highly suspicious.}) 26. Ke2 (26. h4 {
first is also possible but after} Kf7 27. h5 Ke6 28. Bc2 h6 {I don't think it
changes the position much.}) 26... Kf7 27. Bc2 h6 28. Kd3 Ke6 29. Bc3 Nd6 30.
Kd4 b6 (30... Nb5+ $2 31. Kc5 Nxc3 32. bxc3 {should be totally losing for
Black.}) 31. a4 Bc6 32. Ke3 (32. Bb3+ Kd7 {does not help White very much: ...
Nf5+ is coming, and White should be careful about ...Nh4.}) 32... Nf5+ 33. Kf2
Ne7 34. b3 Nd5 {Now the position is very stable for Black and there is nothing
more to really worry about.} 35. Bd2 Ke5 36. Be4 Bd7 $5 37. h4 Bf5 38. Bxd5 (
38. Bxf5 Kxf5 39. h5 Ke5 {should be a draw but White is definitely not playing
for a win.}) 38... Kxd5 39. b4 Bd7 40. a5 bxa5 41. bxa5 1/2-1/2